Rehabilitation of natural forest : Project technical report

Bibliographic Details
Main Author: Mohd Basri Hamzah
Format: Book
Published: Kuala lumpur : Forestry Department Peninsular Malaysia , 2004
Subjects:

MARC

LEADER 00000cam a2200000 7i4500
001 0000003216
005 20050317.0
090 0 0 |a 634.92   |b MOH 
100 0 0 |a Mohd Basri Hamzah 
245 0 0 |a Rehabilitation of natural forest :   |b Project technical report   |c Mohd Basri Hamzah 
260 0 0 |a Kuala lumpur :   |b Forestry Department Peninsular Malaysia ,   |c 2004 
300 |a xxix, 346 p. :   |b col., ill., maps ;   |c 26 cm. 
500 0 0 |a Malaysia - International Tropical Timber Organisation (ITTO) Joint Project : PD115/90 Rev.1 (F) 
650 0 0 |a Forest and forestry   |x Management   |z Malaysia 
650 0 0 |a Reforestation   |z Malaysia 
650 0 0 |a Tropical forests   |z Malaysia 
999 |a 0000006115   |b Monograph   |c Open Shelf   |e Default branch 
999 |a 0000006116   |b Monograph   |c Open Shelf   |e Default branch 
999 |a 0000006117   |b Monograph   |c Open Shelf   |e Default branch 
999 |a 0000006118   |b Monograph   |c Open Shelf   |e Default branch 
999 |a 0000006119   |b Monograph   |c Open Shelf   |e Default branch